000 00961nam a2200241Ia 4500
003 OSt
005 20220923230407.0
006 a|||||r|||| 00| 0
007 ta
008 220922b |||||||| |||| 00| 0 hin d
024 _a280,698
037 _cTextual
040 _aARTS
_cARTS
_bhin
041 _2hin
_ahin
082 _aT48.237, 152L6
100 _aखन्ना, इन्द्रजीत, संपा.
245 0 _aराजस्थान में शिक्षानुसंधान
_b सम्प्राप्तियॉं एवं सम्भावनाएॅं
246 _aRājasthān mean shikṣhānusandhāna: samprāptiyaॉan evan sambhāvanāeॅan
260 _aराजस्थान
_b शिक्षा विभाग
_c1976
300 _a4]188पृ.
_ccm.
942 _hT48.237, 152L6
_cTEXL
_2CC
999 _c384522
_d384522